000 00549nam a22001817a 4500
005 20260414122636.0
008 260414b xxu||||| |||| 00| 0 eng d
020 _a9780805345537
050 _aQH442
_b.R87 2002
100 _aRussell, Peter J
245 _aI genetics
260 _aSan Francisco :
_bBenjamin Cummings,
_c2002
300 _axix, 828 p. :
_bill. (chiefly col.) ;
_c29 cm
500 _aIncludes bibliographical references (p. 728-741) and index
650 _vMolecular genetics
655 _2swd
_bLehrbuch.
942 _2lcc
_cBK
999 _c60351
_d60351